Prstencový zosúkavací stroj VS-140 S1, S2.

Uložené v:
Podrobná bibliografia
Médium: Firemný prospekt
Jazyk:Slovak
Vydané: [S.l.] : [s.n.], [1991].
Témy:
Fyzický popis: 1 zložený list (6 strán) : schémy, farebné fotografie.
Tagy: Pridať tag
Žiadne tagy, Buďte prvý kto otaguje tento záznam!

MARC

LEADER 00000nam a2200000 a 4500
001 000742921
005 20260116105131.0
008 260116s1991 xo e |||0 0 slo d
040 |a SVKKK  |b slo  |c SVKKK  |e AACR2 
041 0 |a slo  |b ger  |b eng  |b rus 
044 |a xo  |c SK 
072 7 |a 677  |x Textilný priemysel  |2 konspekt 
080 |a 677.05  |2 2011 
080 |a (085.5)  |2 2011 
110 2 |a ELITEX Šurany, š. p.  |c Družstevná 5, 942 12 Šurany  |4 mfr 
245 1 0 |a Prstencový zosúkavací stroj VS-140 S1, S2. 
246 3 3 |a VS-140 S1, S2 
260 |a [S.l.] :  |b [s.n.],  |c [1991]. 
300 |a 1 zložený list (6 strán) :  |b schémy, farebné fotografie. 
650 0 7 |a textilné stroje  |2 SVKKKPH 
650 0 7 |a textile machines  |2 SVKKKPHeng 
655 7 |a prospekty  |2 SVKKKPH 
655 7 |a prospects  |2 SVKKKPHeng 
910 |a svkkk 
998 |a FL 
090 |g SCKHL  |k Sklad Pribinova suterén  |a 677.053  |j 164426  |i 2721222804  |s Firemná-2týždne